[Event "Titled Tuesday intern op 02nd Apr Early"]
[Site "Chess.com INT"]
[Date "2024.04.02"]
[Round "9"]
[White "Prokofyev, Valentyn"]
[Black "Ljukin, Sergei"]
[Result "1-0"]
[WhiteElo "2337"]
[BlackElo "2362"]
[PlyCount "77"]
[EventDate "2024.04.02"]
[EventType "swiss (blitz)"]
[EventRounds "11"]
[EventCountry "USA"]
[SourceTitle "CB15_2024"]
[SourceDate "2024.04.10"]
[SourceVersion "1"]
[SourceVersionDate "2024.04.10"]
[SourceQuality "1"]

1. d4 d5 2. c4 c6 3. Nf3 Nf6 4. Qc2 dxc4 5. e4 b5 6. b3 cxb3 7. axb3 Bb7 8. Bd2 e6 9. Ba5 Qc8 10. Bd3 Be7 11. 0-0 h6 12. b4 0-0 13. Nbd2 Nbd7 14. Nb3 a6 15. Rac1 Qb8 16. Qe2 Rc8 17. Rfd1 Qf4 18. g3 Qg4 19. Kg2 c5 20. h3 Qh5 21. dxc5 Ne5 22. Nxe5 Qxe5 23. f3 Nh7 24. h4 g5 25. h5 g4 26. f4 Qg7 27. Kf2 Nf6 28. e5 Nxh5 29. Be4 Bxe4 30. Qxe4 f5 31. Qh1 Qg6 32. Rd7 Re8 33. Rcd1 Ng7 34. Qb7 Kf8 35. Nd4 h5 36. Nc6 h4 37. Rxe7 hxg3+ 38. Kg2 Qh5 39. Rh1 1-0

[Event "Titled Tuesday intern op 02nd Apr Early"]
[Site "Chess.com INT"]
[Date "2024.04.02"]
[Round "6"]
[White "Prokofyev, Valentyn"]
[Black "Shishkov, Andrei"]
[Result "1/2-1/2"]
[WhiteElo "2337"]
[BlackElo "2340"]
[PlyCount "165"]
[EventDate "2024.04.02"]
[EventType "swiss (blitz)"]
[EventRounds "11"]
[EventCountry "USA"]
[SourceTitle "CB15_2024"]
[SourceDate "2024.04.10"]
[SourceVersion "1"]
[SourceVersionDate "2024.04.10"]
[SourceQuality "1"]

1. d4 d5 2. c4 Bf5 3. cxd5 Bxb1 4. Qa4+ c6 5. Rxb1 Qxd5 6. f3 e5 7. dxe5 Nd7 8. e4 Qxe5 9. Be3 Bc5 10. Qb3 Bxe3 11. Qxe3 Qa5+ 12. Qc3 Qxa2 13. Rd1 Ngf6 14. Bc4 Qa4 15. e5 Nd5 16. Bxd5 cxd5 17. Rxd5 0-0 18. b3 Qh4+ 19. g3 Qe7 20. f4 Rac8 21. Qd2 Nb6 22. Rd4 Qa3 23. Ne2 Qxb3 24. 0-0 Nc4 25. Qd3 Qxd3 26. Rxd3 Rfd8 27. Nd4 g6 28. Rf2 a6 29. f5 Nxe5 30. Rdd2 gxf5 31. Nxf5 Rxd2 32. Rxd2 Re8 33. Nd6 Rd8 34. Rd5 Ng6 35. Rd4 Ne7 36. Rd2 Kf8 37. Rd4 Nc8 38. Nf5 Rxd4 39. Nxd4 b5 40. Kf2 Nd6 41. Ke3 Ke7 42. Kd3 Kd7 43. Nf3 Kc7 44. Kd4 Kc6 45. Ne5+ Kb6 46. Nd7+ Kc7 47. Nf6 h6 48. Kc5 a5 49. Nd5+ Kd7 50. Nb6+ Ke6 51. Na8 b4 52. Nc7+ Ke5 53. Nd5 b3 54. Nf4 Ne4+ 55. Kc4 b2 56. Nd3+ Kf5 57. Nxb2 Kg4 58. Kd5 Nf2 59. Ke5 Kh3 60. Kf6 Kxh2 61. Kxf7 Kxg3 62. Kg6 Ng4 63. Kh5 Kf4 64. Nd3+ Ke3 65. Nc5 Kf4 66. Nd3+ Kf5 67. Nc5 Nf6+ 68. Kxh6 Ne4 69. Na4 Ke5 70. Kh5 Kd5 71. Kg4 Kc4 72. Nb2+ Kc3 73. Na4+ Kb4 74. Nb6 Nd6 75. Kf4 Nc4 76. Nd5+ Kc5 77. Nc3 Kb4 78. Nb1 Kb3 79. Ke4 a4 80. Kd4 Kb2 81. Kxc4 Kxb1 82. Kb4 a3 83. Kxa3 1/2-1/2

[Event "Titled Tuesday intern op 02nd Apr Early"]
[Site "Chess.com INT"]
[Date "2024.04.02"]
[Round "1"]
[White "Prokofyev, Valentyn"]
[Black "Vargas, Mauricio"]
[Result "1-0"]
[WhiteElo "2337"]
[BlackElo "1974"]
[PlyCount "59"]
[EventDate "2024.04.02"]
[EventType "swiss (blitz)"]
[EventRounds "11"]
[EventCountry "USA"]
[SourceTitle "CB15_2024"]
[SourceDate "2024.04.10"]
[SourceVersion "1"]
[SourceVersionDate "2024.04.10"]
[SourceQuality "1"]

1. d4 d5 2. Nf3 Bg4 3. Ne5 Bh5 4. c4 f6 5. Qa4+ c6 6. Nd3 e6 7. Nc3 Bd6 8. c5 Bc7 9. e4 dxe4 10. Nxe4 Bg6 11. f3 Ne7 12. Bf4 0-0 13. Bd6 Re8 14. Qb3 Nd5 15. Qxb7 Ba5+ 16. b4 Nd7 17. a3 Bc7 18. Qxc6 a5 19. b5 e5 20. Qxd5+ Bf7 21. Bxc7 Qxc7 22. Qc6 exd4 23. Qxc7 Ne5 24. Nxe5 Rxe5 25. b6 f5 26. Qxe5 fxe4 27. fxe4 Re8 28. Qxe8+ Bxe8 29. Bc4+ Kh8 30. 0-0 1-0

[Event "Nancy Rapid op 22nd"]
[Site "Meurthe et Moselle"]
[Date "2024.02.18"]
[Round "4"]
[White "Gryshko, Vitalii"]
[Black "Prokofyev, Valentyn"]
[Result "1-0"]
[WhiteElo "2283"]
[BlackElo "2340"]
[PlyCount "115"]
[EventDate "2024.02.18"]
[EventType "swiss (rapid)"]
[EventRounds "9"]
[EventCountry "FRA"]
[SourceTitle "CB08_2024"]
[SourceDate "2024.02.21"]
[SourceVersion "1"]
[SourceVersionDate "2024.02.21"]
[SourceQuality "1"]

1. e4 c5 2. g3 Nc6 3. Bg2 e6 4. Ne2 Nf6 5. 0-0 Be7 6. d4 cxd4 7. Nxd4 d6 8. Nxc6 bxc6 9. e5 dxe5 10. Qxd8+ Kxd8 11. Bxc6 Rb8 12. Nd2 Kc7 13. Bg2 Ba6 14. Re1 Nd7 15. Nb3 Bb7 16. Bf1 f6 17. Be3 Nb6 18. Nc5 Bxc5 19. Bxc5 Rhd8 20. Bd3 h6 21. a4 a6 22. a5 Nd7 23. Be7 Re8 24. Ba3 Rbd8 25. Bg6 Rh8 26. Be7 f5 27. Bxd8+ Kxd8 28. Bh5 g6 29. Be2 h5 30. b4 h4 31. b5 e4 32. bxa6 Ba8 33. Rab1 Kc7 34. Rb5 Bc6 35. Rb3 Ne5 36. Reb1 g5 37. Rc3 hxg3 38. fxg3 Kd7 39. Rb7+ Kd6 40. Rb6 Kd7 41. Rcxc6 Nxc6 42. Bb5 e3 43. Rxc6 f4 44. gxf4 gxf4 45. Rc4+ Kd6 46. Rxf4 Ke5 47. Rf3 Kd4 48. c3+ Ke4 49. Bc6+ Kd3 50. a7 Rg8+ 51. Kh1 Kd2 52. Rxe3 Kxe3 53. a8Q Rg4 54. Qa7+ Ke2 55. Qa6+ Kf2 56. Qb6+ Kf1 57. Bb5+ Ke1 58. Qe3+ 1-0

[Event "Nancy Rapid op 22nd"]
[Site "Meurthe et Moselle"]
[Date "2024.02.18"]
[Round "7"]
[White "Prokofyev, Valentyn"]
[Black "Wirig, Anthony"]
[Result "1/2-1/2"]
[WhiteElo "2340"]
[BlackElo "2467"]
[PlyCount "98"]
[EventDate "2024.02.18"]
[EventType "swiss (rapid)"]
[EventRounds "9"]
[EventCountry "FRA"]
[SourceTitle "CB08_2024"]
[SourceDate "2024.02.21"]
[SourceVersion "1"]
[SourceVersionDate "2024.02.21"]
[SourceQuality "1"]

1. d4 d5 2. Nf3 Nf6 3. c4 c6 4. Qc2 g6 5. cxd5 cxd5 6. Nc3 Nc6 7. Bf4 Bg7 8. e3 0-0 9. Be2 Bg4 10. h3 Bxf3 11. Bxf3 e6 12. 0-0 Rc8 13. Rfc1 a6 14. Be2 Re8 15. Qd1 Bf8 16. Na4 Nd7 17. a3 e5 18. dxe5 Ndxe5 19. Nc5 Qb6 20. b4 Rcd8 21. Ra2 d4 22. Rd2 dxe3 23. Bxe3 Rxd2 24. Qxd2 Bxc5 25. Rxc5 Qd8 26. Rd5 Qe7 27. Bc5 Qe6 28. f4 Nd3 29. Qxd3 Qxe2 30. Qxe2 Rxe2 31. Rd7 b5 32. Rb7 Rd2 33. Rb6 Nd4 34. Bxd4 Rxd4 35. f5 gxf5 36. Rxa6 Kg7 37. Kf2 Rd3 38. Ra5 Kg6 39. Ke2 Rg3 40. Kf2 Rb3 41. Ra8 h5 42. h4 Kf6 43. Ra5 Kg6 44. Ra6+ f6 45. Ra7 Rc3 46. Ra8 f4 47. Ra5 Rb3 48. Ke2 Rg3 49. Kf2 Rb3 1/2-1/2

[Event "Titled Tuesday intern op 16th Jan Early"]
[Site "Chess.com INT"]
[Date "2024.01.16"]
[Round "7"]
[White "Dyulgerov, Volen"]
[Black "Prokofyev, Valentyn"]
[Result "0-1"]
[WhiteElo "2200"]
[BlackElo "2340"]
[PlyCount "122"]
[EventDate "2024.01.16"]
[EventType "swiss (blitz)"]
[EventRounds "11"]
[EventCountry "USA"]
[SourceTitle "CB04_2024"]
[SourceDate "2023.10.16"]
[SourceVersion "1"]
[SourceVersionDate "2023.10.16"]
[SourceQuality "1"]

1. e4 e5 2. d4 exd4 3. c3 d5 4. e5 dxc3 5. Nf3 c6 6. Bd3 Bg4 7. 0-0 Nd7 8. Re1 Nc5 9. Bc2 Ne6 10. Nxc3 Bc5 11. h3 Bh5 12. Na4 Bb4 13. Re3 Ne7 14. a3 Ba5 15. b4 Bc7 16. Nc5 Bb6 17. Nxb7 Qd7 18. Nd6+ Kf8 19. Rb3 Nd4 20. Rd3 Nxf3+ 21. Rxf3 Bxf3 22. Qxf3 Ng6 23. Bf5 Qe7 24. Bxg6 hxg6 25. Bg5 Qe6 26. Re1 Rh5 27. h4 Kg8 28. g4 Rh8 29. Kg2 f6 30. exf6 Qxd6 31. fxg7 Rh7 32. Re7 Rxg7 33. Rxg7+ Kxg7 34. h5 gxh5 35. gxh5 Rg8 36. h6+ Kh8 37. Qf5 Qg6 38. Qxg6 Rxg6 39. f4 Bc7 40. Kf3 Kh7 41. Kg4 Rxh6 42. Bxh6 Kxh6 43. a4 d4 44. Kf3 Bd6 45. b5 cxb5 46. axb5 Kg6 47. Ke4 Bc5 48. Kd3 Kf5 49. Kc4 Bb6 50. Kd3 Kxf4 51. Kc4 Ke3 52. Kb3 d3 53. Kc4 d2 54. Kb3 d1Q+ 55. Kb4 Qd4+ 56. Ka3 Qc3+ 57. Ka4 Qa5+ 58. Kb3 Qxb5+ 59. Ka2 Kd2 60. Ka3 Bd4 61. Ka2 Qb2# 0-1

[Event "Titled Tuesday intern op 16th Jan Early"]
[Site "Chess.com INT"]
[Date "2024.01.16"]
[Round "11"]
[White "Jovic, Stanoje"]
[Black "Prokofyev, Valentyn"]
[Result "0-1"]
[WhiteElo "2097"]
[BlackElo "2340"]
[PlyCount "82"]
[EventDate "2024.01.16"]
[EventType "swiss (blitz)"]
[EventRounds "11"]
[EventCountry "USA"]
[SourceTitle "CB04_2024"]
[SourceDate "2023.10.16"]
[SourceVersion "1"]
[SourceVersionDate "2023.10.16"]
[SourceQuality "1"]

1. c4 g6 2. g3 Bg7 3. Bg2 c5 4. Nc3 Nc6 5. Nf3 d6 6. 0-0 Rb8 7. e3 Nf6 8. d4 0-0 9. dxc5 dxc5 10. Qxd8 Rxd8 11. Na4 b6 12. e4 Nxe4 13. Re1 Nd6 14. Bf4 Bd7 15. Rad1 Nd4 16. Nc3 Bg4 17. Rd3 Bxf3 18. Bxf3 e5 19. Bg5 f6 20. Bd5+ Kh8 21. Bd2 b5 22. cxb5 c4 23. Rde3 Nc2 24. Bc6 Nf5 25. Bc1 Nxe1 26. Rxe1 Nd4 27. Be3 Nxc6 28. bxc6 Rdc8 29. Rd1 Rxc6 30. Rd7 h5 31. Bc1 a6 32. h4 f5 33. Nd5 Re8 34. Kf1 e4 35. Be3 Bxb2 36. Ne7 Re6 37. Nd5 Be5 38. Nf4 Rc6 39. Nd5 c3 40. Ne7 Re6 41. Nd5 c2 0-1

[Event "Titled Tuesday intern op 16th Jan Early"]
[Site "Chess.com INT"]
[Date "2024.01.16"]
[Round "6"]
[White "Truskavetsky, Alexandr"]
[Black "Prokofyev, Valentyn"]
[Result "1-0"]
[WhiteElo "2348"]
[BlackElo "2340"]
[PlyCount "71"]
[EventDate "2024.01.16"]
[EventType "swiss (blitz)"]
[EventRounds "11"]
[EventCountry "USA"]
[SourceTitle "CB04_2024"]
[SourceDate "2023.10.16"]
[SourceVersion "1"]
[SourceVersionDate "2023.10.16"]
[SourceQuality "1"]

1. d4 Nf6 2. c4 e6 3. g3 d5 4. Bg2 Be7 5. Nf3 0-0 6. 0-0 dxc4 7. Qc2 b5 8. a4 Bb7 9. axb5 a6 10. Nc3 axb5 11. Rxa8 Bxa8 12. Nxb5 Bd5 13. Nc3 Nc6 14. e4 Nb4 15. Qe2 Bb7 16. Bg5 Ba6 17. Rd1 Qb8 18. Ne5 Rd8 19. Nxc4 h6 20. Bxf6 Bxf6 21. e5 Be7 22. b3 Nd5 23. Qc2 Nb4 24. Qc1 c5 25. dxc5 Bxc5 26. Ne4 Nd3 27. Rxd3 Rxd3 28. Nxc5 Bxc4 29. bxc4 Rd4 30. h4 Qxe5 31. Nb3 Rd3 32. Qc2 Rc3 33. Qb2 Qe1+ 34. Bf1 Rxc4 35. Nd2 Rc1 36. Kg2 1-0

[Event "Titled Tuesday intern op 08th Aug Early"]
[Site "Chess.com INT"]
[Date "2023.08.08"]
[Round "5"]
[White "Zhigalko, Sergei"]
[Black "Prokofyev, Valentyn"]
[Result "1-0"]
[WhiteElo "2572"]
[BlackElo "2281"]
[PlyCount "83"]
[EventDate "2023.08.08"]
[EventType "swiss (blitz)"]
[EventRounds "11"]
[EventCountry "USA"]
[SourceTitle "EXT 2024"]
[Source "ChessBase"]
[SourceDate "2023.10.10"]
[SourceVersion "1"]
[SourceVersionDate "2023.10.10"]
[SourceQuality "1"]

1. e4 e5 2. Nf3 Nc6 3. Bc4 Nf6 4. d3 h6 5. 0-0 d6 6. c3 g5 7. Bb3 Bg7 8. Nbd2 0-0 9. Nc4 Ne7 10. h4 g4 11. Nh2 Ng6 12. g3 d5 13. exd5 Nxd5 14. Nxg4 Re8 15. Nxh6+ Bxh6 16. Bxh6 Nxh4 17. Qh5 Ng6 18. Rfe1 Nf6 19. Qg5 Ng4 20. Rad1 Kh7 21. Qxd8 Rxd8 22. Bc1 f6 23. f3 Nh6 24. Kf2 Nf5 25. g4 Nfh4 26. d4 exd4 27. Rxd4 Rxd4 28. cxd4 Bd7 29. Kg3 Kg7 30. Ne3 Re8 31. Bd2 c6 32. d5 cxd5 33. Nxd5 Rxe1 34. Bxe1 Bc6 35. Bc3 Kh6 36. Nxf6 Nxf3 37. Nh5 Nfe5 38. Bd2+ Kh7 39. Bc2 Kg8 40. Nf4 Nxf4 41. Kxf4 Ng6+ 42. Bxg6 1-0

[Event "Kyiv Spring op"]
[Site "Kiev"]
[Date "2023.03.27"]
[Round "4"]
[White "Nedin, Danylo"]
[Black "Prokofyev, Valentyn"]
[Result "0-1"]
[WhiteElo "1556"]
[BlackElo "2307"]
[PlyCount "64"]
[EventDate "2023.03.25"]
[EventType "swiss"]
[EventRounds "9"]
[EventCountry "UKR"]
[SourceTitle "CBM 213 Extra"]
[Source "ChessBase"]
[SourceDate "2023.05.31"]
[SourceVersion "1"]
[SourceVersionDate "2023.05.31"]
[SourceQuality "1"]

1. d4 Nf6 2. Nf3 c5 3. d5 e6 4. Nc3 d6 5. e4 a6 6. a4 exd5 7. exd5 Bg4 8. Be2 Bxf3 9. Bxf3 Be7 10. 0-0 0-0 11. Re1 Nbd7 12. Bf4 Re8 13. Qd3 Qc7 14. Ne4 Nxe4 15. Rxe4 Bf6 16. Rae1 Rxe4 17. Bxe4 g6 18. Qg3 Bxb2 19. Bf5 Be5 20. Bxd7 Bxf4 21. Qxf4 Qxd7 22. g4 b5 23. axb5 axb5 24. Kg2 Ra4 25. Re4 Rxe4 26. Qxe4 Kf8 27. Qf4 Qe7 28. Qf3 Qe5 29. Qb3 b4 30. h4 h5 31. Kh3 Qa1 32. gxh5 Qa3 0-1

[Event "Kyiv Spring Blitz"]
[Site "Kiev"]
[Date "2023.03.26"]
[Round "7"]
[White "Prokofyev, Valentyn"]
[Black "Maly, Alexey"]
[Result "1-0"]
[WhiteElo "2307"]
[BlackElo "2355"]
[PlyCount "90"]
[EventDate "2023.03.26"]
[EventType "swiss (blitz)"]
[EventRounds "9"]
[EventCountry "UKR"]
[SourceTitle "CBM 213 Extra"]
[Source "ChessBase"]
[SourceDate "2023.05.31"]
[SourceVersion "1"]
[SourceVersionDate "2023.05.31"]
[SourceQuality "1"]

1. d4 d5 2. Nf3 Nf6 3. e3 e6 4. b3 Be7 5. Bd3 0-0 6. c4 b6 7. 0-0 Bb7 8. Bb2 Nbd7 9. Nc3 Ne4 10. Rc1 f5 11. Ne2 c5 12. cxd5 exd5 13. Nf4 Qc8 14. dxc5 bxc5 15. Bb5 Ndf6 16. Ne5 a6 17. Be2 Rd8 18. Qc2 Qb8 19. Rfd1 g5 20. Nh5 Qd6 21. Nc4 Qe6 22. Na5 Bc8 23. Nxf6+ Nxf6 24. Bxf6 Qxf6 25. Bf3 Kh8 26. Bxd5 Rxd5 27. Rxd5 Be6 28. Rdd1 f4 29. Qc3 fxe3 30. Qxf6+ Bxf6 31. fxe3 Re8 32. Rxc5 Bg4 33. Rf1 Kg7 34. Rc7+ Kg6 35. Rc6 Be6 36. Nc4 Bc3 37. Nd6 Rd8 38. Ne4 Re8 39. Nxc3 Kh5 40. Ne4 Re7 41. Ng3+ Kg6 42. Nf5 Re8 43. Nd6 Re7 44. Nf5 Re8 45. Nd4 Rh8 1-0

[Event "Titled Tuesday intern op 14th Mar Early"]
[Site "Chess.com INT"]
[Date "2023.03.14"]
[Round "5"]
[White "Prokofyev, Valentyn"]
[Black "Suyarov, Mukhammadzokhid"]
[Result "0-1"]
[WhiteElo "2307"]
[BlackElo "2281"]
[PlyCount "48"]
[EventDate "2023.03.14"]
[EventType "swiss (blitz)"]
[EventRounds "11"]
[EventCountry "USA"]
[SourceTitle "EXT 2024"]
[Source "ChessBase"]
[SourceDate "2023.10.10"]
[SourceVersion "1"]
[SourceVersionDate "2023.10.10"]
[SourceQuality "1"]

1. d4 e6 2. c4 b6 3. Nc3 Bb7 4. d5 Bb4 5. e4 Bxc3+ 6. bxc3 d6 7. dxe6 fxe6 8. e5 Ne7 9. Ne2 0-0 10. Ng3 dxe5 11. Qc2 Nd7 12. Bg5 h6 13. Bd2 Nc5 14. 0-0-0 Qe8 15. Be3 Nf5 16. Bxc5 bxc5 17. Ne4 Bxe4 18. Qxe4 Qa4 19. Qc2 Qa3+ 20. Qb2 Qa5 21. Bd3 Rab8 22. Qa1 Qa3+ 23. Kc2 Nd4+ 24. cxd4 Rb2+ 0-1

[Event "Titled Tuesday intern op 7th Mar Early"]
[Site "Chess.com INT"]
[Date "2023.03.07"]
[Round "9"]
[White "Khamdamova, Afruza"]
[Black "Prokofyev, Valentyn"]
[Result "0-1"]
[WhiteElo "2140"]
[BlackElo "2307"]
[PlyCount "80"]
[EventDate "2023.03.07"]
[EventType "swiss (blitz)"]
[EventRounds "11"]
[EventCountry "USA"]
[SourceTitle "EXT 2024"]
[Source "ChessBase"]
[SourceDate "2023.10.10"]
[SourceVersion "1"]
[SourceVersionDate "2023.10.10"]
[SourceQuality "1"]

1. d4 Nf6 2. Nc3 d5 3. Bf4 c5 4. e4 Nxe4 5. Nxe4 dxe4 6. d5 g6 7. Ne2 Bg7 8. Nc3 Qa5 9. Qd2 0-0 10. 0-0-0 b5 11. Bh6 b4 12. Bxg7 Kxg7 13. Nxe4 Qxa2 14. Qe3 Bf5 15. Nxc5 Qa1+ 16. Kd2 Qxb2 17. Nd3 Qc3+ 18. Kc1 Rc8 19. Qe2 b3 20. g4 Bxg4 21. Qe5+ Qxe5 22. Nxe5 Rxc2+ 23. Kb1 Bxd1 24. Bd3 Rd2 25. Kc1 Bf3 26. Kxd2 Bxh1 27. Bc4 b2 28. Kc2 f6 29. Ng4 Nd7 30. Kxb2 Nb6 31. Bb3 Bxd5 32. Bc2 a5 33. Ne3 Be6 34. Kc3 a4 35. Bb1 a3 36. Nc2 a2 37. Bxa2 Rxa2 38. f4 Na4+ 39. Kd2 Bf5 40. Ke3 Rxc2 0-1

[Event "Titled Tuesday intern op 7th Mar Early"]
[Site "Chess.com INT"]
[Date "2023.03.07"]
[Round "2"]
[White "Prokofyev, Valentyn"]
[Black "Gruzman, Ilya"]
[Result "1-0"]
[WhiteElo "2307"]
[BlackElo "2131"]
[PlyCount "69"]
[EventDate "2023.03.07"]
[EventType "swiss (blitz)"]
[EventRounds "11"]
[EventCountry "USA"]
[SourceTitle "EXT 2024"]
[Source "ChessBase"]
[SourceDate "2023.10.10"]
[SourceVersion "1"]
[SourceVersionDate "2023.10.10"]
[SourceQuality "1"]

1. c4 Nf6 2. Nc3 d6 3. e4 g6 4. d4 Bg7 5. Nf3 0-0 6. Be2 c5 7. 0-0 cxd4 8. Nxd4 Nc6 9. Be3 Bd7 10. h3 Nxd4 11. Bxd4 Bc6 12. Qc2 a5 13. Rad1 Nd7 14. Bxg7 Kxg7 15. Bg4 Ne5 16. c5 Nxg4 17. hxg4 Qc8 18. cxd6 Qxg4 19. dxe7 Rfe8 20. Nd5 Bxd5 21. Qc3+ Kg8 22. exd5 Rxe7 23. d6 Rd7 24. Rfe1 Rad8 25. Rd4 Qf5 26. Rde4 Rf8 27. Re8 Rd8 28. Rxf8+ Rxf8 29. Qc7 Qd3 30. Qe7 h5 31. d7 h4 32. Qxf8+ Kxf8 33. Re8+ Kg7 34. d8Q Qb1+ 35. Kh2 1-0

[Event "Lvov Vasylyshyn Memorial 19th"]
[Site "Lvov"]
[Date "2022.12.14"]
[Round "4"]
[White "Prokofyev, Valentyn"]
[Black "Pacher, Milan"]
[Result "1-0"]
[WhiteElo "2288"]
[BlackElo "2427"]
[PlyCount "85"]
[EventDate "2022.12.12"]
[EventType "tourn"]
[EventRounds "9"]
[EventCountry "UKR"]
[EventCategory "4"]
[SourceTitle "CBM 211 Extra"]
[Source "ChessBase"]
[SourceDate "2023.01.31"]
[SourceVersion "1"]
[SourceVersionDate "2023.01.31"]
[SourceQuality "1"]

1. c4 c5 2. Nf3 Nf6 3. Nc3 d5 4. cxd5 Nxd5 5. g3 Nc6 6. Bg2 Nc7 7. 0-0 e5 8. d3 Be7 9. Be3 0-0 10. Rc1 Be6 11. Nd2 Qd7 12. Qa4 Bh3 13. Bxc6 bxc6 14. Rfe1 Ne6 15. Nf3 f6 16. Ne4 Rfb8 17. b3 Rb5 18. Rc4 a5 19. Rec1 Nd4 20. Nxd4 cxd4 21. Bd2 Ra6 22. b4 Be6 23. Nc5 Bxc5 24. Rxc5 h5 25. bxa5 h4 26. Rxb5 cxb5 27. Qc2 Kh7 28. Qc7 Qd5 29. Rc2 Bg4 30. Be1 b4 31. f3 Bxf3 32. exf3 Qxf3 33. Qc4 Rxa5 34. Rf2 Qd1 35. Qxb4 Ra3 36. Qxa3 Qxe1+ 37. Rf1 Qe3+ 38. Kh1 Qe2 39. Kg1 h3 40. Qa8 Qe3+ 41. Kh1 Qxd3 42. Qf3 Qc2 43. Qf5+ 1-0

[Event "Lvov Buturina Memorial 2nd"]
[Site "Lvov"]
[Date "2022.11.20"]
[Round "8"]
[White "Prokofyev, Valentyn"]
[Black "Polulikh, Bogdan"]
[Result "1/2-1/2"]
[WhiteElo "2280"]
[BlackElo "2322"]
[PlyCount "99"]
[EventDate "2022.11.18"]
[EventType "swiss (rapid)"]
[EventRounds "9"]
[EventCountry "UKR"]
[SourceTitle "CBM 212 Extra"]
[Source "ChessBase"]
[SourceDate "2023.03.31"]
[SourceVersion "1"]
[SourceVersionDate "2023.03.31"]
[SourceQuality "1"]

1. d4 d5 2. Nf3 Nf6 3. c4 e6 4. e3 Be7 5. b3 0-0 6. Bd3 c5 7. 0-0 dxc4 8. bxc4 cxd4 9. exd4 b6 10. Bb2 Bb7 11. Nc3 Nc6 12. Rc1 Rc8 13. Re1 Qd6 14. d5 Nb4 15. Nb5 Qf4 16. Be5 Qh6 17. d6 Bd8 18. Bg3 Nxd3 19. Qxd3 Nd7 20. Ne5 Nxe5 21. Bxe5 a6 22. Nc3 Bg5 23. Rb1 Bf4 24. Bxf4 Qxf4 25. d7 Qg5 26. Ne4 Bxe4 27. Qxe4 Rc7 28. Rxb6 Rxd7 29. Rxa6 g6 30. h3 Qc5 31. Re2 Rd4 32. Qc6 Rc8 33. Qxc5 Rxc5 34. Ra8+ Kg7 35. Ra7 Rdxc4 36. Rxe6 Rc1+ 37. Kh2 R1c2 38. Re3 Rxf2 39. Rf3 Rxf3 40. gxf3 g5 41. Ra4 Kg6 42. Kg3 f5 43. h4 Rc3 44. hxg5 Kxg5 45. Rh4 h6 46. a4 Ra3 47. Rb4 Ra1 48. Rc4 Rg1+ 49. Kf2 Ra1 50. Kg3 1/2-1/2

[Event "Lvov Buturina Memorial 2nd"]
[Site "Lvov"]
[Date "2022.11.20"]
[Round "9"]
[White "Sidorika, Vladislav"]
[Black "Prokofyev, Valentyn"]
[Result "1/2-1/2"]
[WhiteElo "2278"]
[BlackElo "2280"]
[PlyCount "74"]
[EventDate "2022.11.18"]
[EventType "swiss (rapid)"]
[EventRounds "9"]
[EventCountry "UKR"]
[SourceTitle "CBM 212 Extra"]
[Source "ChessBase"]
[SourceDate "2023.03.31"]
[SourceVersion "1"]
[SourceVersionDate "2023.03.31"]
[SourceQuality "1"]

1. c4 c5 2. Nf3 Nc6 3. d4 cxd4 4. Nxd4 Nf6 5. Nc3 e6 6. g3 Bb4 7. Bg2 0-0 8. 0-0 a6 9. Qd2 Bc5 10. Nc2 Rb8 11. Rb1 b5 12. b4 Be7 13. c5 Bb7 14. Rd1 Ne5 15. Qd4 Bxg2 16. Kxg2 Nc4 17. Bf4 Rb7 18. a4 Nh5 19. axb5 Nxf4+ 20. Qxf4 axb5 21. Nxb5 Rxb5 22. Qxc4 Qb8 23. Ra1 Qb7+ 24. f3 Rc8 25. Qd3 d6 26. Ra7 Qxa7 27. Qxb5 g6 28. cxd6 Rxc2 29. dxe7 Qxe7 30. Rb1 Qd6 31. Kf1 Rc3 32. Qa4 Rxf3+ 33. exf3 Qd3+ 34. Kg2 Qxb1 35. Qa8+ Kg7 36. Qe4 Qb2+ 37. Kh3 e5 1/2-1/2

[Event "Lvov Buturina Memorial 2nd"]
[Site "Lvov"]
[Date "2022.11.19"]
[Round "6"]
[White "Baziuk, Vladyslav"]
[Black "Prokofyev, Valentyn"]
[Result "1/2-1/2"]
[WhiteElo "2144"]
[BlackElo "2280"]
[PlyCount "100"]
[EventDate "2022.11.18"]
[EventType "swiss (rapid)"]
[EventRounds "9"]
[EventCountry "UKR"]
[SourceTitle "CBM 212 Extra"]
[Source "ChessBase"]
[SourceDate "2023.03.31"]
[SourceVersion "1"]
[SourceVersionDate "2023.03.31"]
[SourceQuality "1"]

1. Nf3 Nf6 2. g3 d5 3. Bg2 e6 4. 0-0 Be7 5. d4 b5 6. a4 b4 7. c4 bxc3 8. bxc3 Ba6 9. Ba3 Nbd7 10. Re1 0-0 11. Nfd2 Rb8 12. Bxe7 Qxe7 13. Na3 c5 14. Nb5 Bxb5 15. axb5 cxd4 16. cxd4 Nb6 17. Qb3 Nc8 18. e3 Nd6 19. Bf1 Rb7 20. Ra5 Rfb8 21. Rea1 Nc8 22. Qa3 Qxa3 23. R5xa3 Rc7 24. Bd3 Ne8 25. Nb3 Rc3 26. Na5 Rxa3 27. Rxa3 Ned6 28. Rc3 Kf8 29. f3 Ke8 30. e4 dxe4 31. fxe4 Kd7 32. Nc6 Rb7 33. Rc5 Rc7 34. d5 exd5 35. e5 Nb7 36. Rxd5+ Ke8 37. Bxh7 Ne7 38. Nxe7 Kxe7 39. Bf5 Na5 40. Kf2 Nc4 41. Bd3 Nb6 42. Rd4 Nd7 43. Ra4 Nc5 44. Ra3 Nxd3+ 45. Rxd3 Ke6 46. h4 Kxe5 47. Kf3 Rb7 48. Kg4 Rxb5 49. Rd7 Kf6 50. Rxa7 Rb4+ 1/2-1/2

[Event "Lvov Buturina Memorial 2nd"]
[Site "Lvov"]
[Date "2022.11.18"]
[Round "2"]
[White "Yushko, Olga"]
[Black "Prokofyev, Valentyn"]
[Result "0-1"]
[WhiteElo "2064"]
[BlackElo "2280"]
[PlyCount "48"]
[EventDate "2022.11.18"]
[EventType "swiss (rapid)"]
[EventRounds "9"]
[EventCountry "UKR"]
[SourceTitle "CBM 212 Extra"]
[Source "ChessBase"]
[SourceDate "2023.03.31"]
[SourceVersion "1"]
[SourceVersionDate "2023.03.31"]
[SourceQuality "1"]

1. d4 Nf6 2. c4 g6 3. Nc3 c5 4. d5 Bg7 5. e4 d6 6. Nf3 0-0 7. h3 e6 8. Be2 Re8 9. 0-0 exd5 10. exd5 Bf5 11. Qb3 Na6 12. Bf4 Qd7 13. Rfe1 Ne4 14. Nxe4 Rxe4 15. Be3 Rae8 16. Ng5 Rxe3 17. fxe3 Rxe3 18. Qd1 Bxb2 19. Qd2 Bxa1 20. Rxa1 Qe7 21. Kf2 Rxe2+ 22. Qxe2 Qxg5 23. a3 Qf6 24. Rc1 Bg4+ 0-1

[Event "Titled Tuesday intern op 11th Oct Early"]
[Site "Chess.com INT"]
[Date "2022.10.11"]
[Round "3"]
[White "Boraso, Alessio"]
[Black "Prokofyev, Valentyn"]
[Result "0-1"]
[WhiteElo "2262"]
[BlackElo "2280"]
[PlyCount "60"]
[EventDate "2022.10.11"]
[EventType "swiss (blitz)"]
[EventRounds "11"]
[EventCountry "USA"]
[SourceTitle "EXT 2024"]
[Source "ChessBase"]
[SourceDate "2023.10.10"]
[SourceVersion "1"]
[SourceVersionDate "2023.10.10"]
[SourceQuality "1"]

1. c4 g6 2. g3 Bg7 3. Bg2 c5 4. Nc3 Nc6 5. d3 d6 6. h4 h5 7. Nh3 e5 8. Nd5 Nh6 9. Bg5 f6 10. Bd2 0-0 11. Qc1 Kh7 12. Be4 Nd4 13. Ng5+ fxg5 14. hxg5 Nhf5 15. g4 Nxe2 16. Qd1 Nfg3 17. gxh5 Nxe4 18. hxg6+ Kg8 19. Qxe2 Nxf2 20. Qh5 Nxd3+ 21. Kd1 Bg4+ 22. Kc2 Bxh5 23. Rxh5 Nf4 24. Bxf4 exf4 25. Re1 Re8 26. Rf1 Re4 27. Rfh1 Qe8 28. Rh7 Qxg6 29. R1h4 Re2+ 30. Kb3 Qc2+ 0-1